Missing Word: Netflix Originals A-Z Quiz Stats

 Plays Quiz Updated Dec 1, 2019

Score 0/24 Timer 04:00
3 Plays Today
Show Missing Word % Correct
____ is the New BlackOrange
96.8%
____ of CardsHouse
96.1%
13 ____ WhyReasons
95.4%
Stranger ____Things
91%
Unbreakable ____ SchmidtKimmy
85.9%
____ Clarita DietSanta
85%
____ FistIron
84.6%
Jessica ____Jones
83%
Dear White ____People
79.6%
____ of NoneMaster
75.1%
The ____ CopGood
74.6%
Haters ____ OffBack
74.3%
Show Missing Word % Correct
Grace and ____Frankie
67.6%
____ CageLuke
63.1%
Gilmore Girls: A ____ in the LifeYear
62.6%
____ Sucks!Everything
52.9%
____ CarbonAltered
48.6%
Russian ____Doll
45.7%
____: MexicoNarcos
42.4%
____ Adventures of SabrinaChilling
40.2%
____ BeastmasterUltimate
36.1%
Legend ____Quest
35.3%
Best.____.Weekend.EverWorst
28.6%
American ____Vandal
15.9%

Today's Daily Dose

Missing Word
UFC Champions

Get the Picture
Greek or Latin

You're not logged in!

Compare scores with friends on all Sporcle quizzes.
OR
Log In

Sporcle TV

Today on Sporcle TV


Watch our educational content, quiz creation guides, and fun videos on Sporcle TV.

Show Comments

Extras

Top Quizzes Today


Score Distribution

Your Account Isn't Verified!

In order to create a playlist on Sporcle, you need to verify the email address you used during registration. Go to your Sporcle Settings to finish the process.

Report this User

Report this user for behavior that violates our Community Guidelines.

Details: